LEADER 01972oam 2200505M 450 001 9910716156303321 005 20200213070921.8 035 $a(CKB)5470000002518552 035 $a(OCoLC)1065607907 035 $a(OCoLC)995470000002518552 035 $a(EXLCZ)995470000002518552 100 $a20071213d1926 ua 0 101 0 $aeng 135 $aurcn||||||||| 181 $ctxt$2rdacontent 182 $cc$2rdamedia 183 $acr$2rdacarrier 200 10$aConveying certain lands in Powell town site, Shoshone reclamation project, Wyoming, to Park County, Wyo. February 1 (calendar day, February 4), 1926. -- Ordered to be printed 210 1$a[Washington, D.C.] :$c[U.S. Government Printing Office],$d1926. 215 $a1 online resource (4 pages) 225 1 $aSenate report / 69th Congress, 1st session. Senate ;$vno. 137 225 1 $a[United States congressional serial set ] ;$v[serial no. 8524] 300 $aBatch processed record: Metadata reviewed, not verified. Some fields updated by batch processes. 300 $aFDLP item number not assigned. 517 $aConveying certain lands in Powell town site, Shoshone reclamation project, Wyoming, to Park County, Wyo. February 1 606 $aForfeiture 606 $aLand titles 606 $aLegislative amendments 606 $aPublic lands 608 $aLegislative materials.$2lcgft 615 0$aForfeiture. 615 0$aLand titles. 615 0$aLegislative amendments. 615 0$aPublic lands. 701 $aMeans$b Rice William$f1877-1949$pRepublican (CO)$01386800 801 0$bWYU 801 1$bWYU 801 2$bOCLCO 801 2$bOCLCQ 801 2$bOCLCO 801 2$bOCLCQ 906 $aBOOK 912 $a9910716156303321 996 $aConveying certain lands in Powell town site, Shoshone reclamation project, Wyoming, to Park County, Wyo. February 1 (calendar day, February 4), 1926. -- Ordered to be printed$93521246 997 $aUNINA LEADER 06792nam 2200829 450 001 9910827287103321 005 20230912133339.0 010 $a1-281-99196-1 010 $a9786611991968 010 $a1-4426-7213-7 024 7 $a10.3138/9781442672130 035 $a(CKB)2430000000002012 035 $a(EBL)3257904 035 $a(SSID)ssj0000870175 035 $a(PQKBManifestationID)11461722 035 $a(PQKBTitleCode)TC0000870175 035 $a(PQKBWorkID)10818441 035 $a(PQKB)10206237 035 $a(SSID)ssj0000388294 035 $a(PQKBManifestationID)12120508 035 $a(PQKBTitleCode)TC0000388294 035 $a(PQKBWorkID)10423172 035 $a(PQKB)11217997 035 $a(CaBNvSL)thg00602301 035 $a(DE-B1597)464284 035 $a(OCoLC)944178391 035 $a(OCoLC)999367463 035 $a(DE-B1597)9781442672130 035 $a(Au-PeEL)EBL4671305 035 $a(CaPaEBR)ebr11257023 035 $a(OCoLC)647742606 035 $a(VaAlCD)20.500.12592/n9bf4s 035 $a(schport)gibson_crkn/2009-12-01/6/418818 035 $a(MiAaPQ)EBC4671305 035 $a(OCoLC)1382722705 035 $a(MdBmJHUP)musev2_104534 035 $a(MiAaPQ)EBC3257904 035 $a(EXLCZ)992430000000002012 100 $a20160923h20062006 uy 0 101 0 $aeng 135 $aur|n|---||||| 181 $ctxt 182 $cc 183 $acr 200 00$aCanadian annual review of politics and public affairs$h2000 /$fedited by David Mutimer 210 1$aToronto, [Ontario] ;$aBuffalo, [New York] ;$aLondon, [England] :$cUniversity of Toronto Press,$d2006. 210 4$dİ2006 215 $a1 online resource (328 p.) 225 0 $aCanadian Annual Review of Politics and Public Affairs 300 $aIncludes indexes. 311 $a0-8020-9089-3 327 $a""Contents""; ""Contributors""; ""Preface""; ""Canadian calendar""; ""Editor's introduction a??? the year in review""; ""The federal government, politics, and national institutions""; ""ELECTION 2000""; ""Early hints of a fall election""; ""Birth of the Canadian Conservative Reform Alliance""; ""A new day dawns""; ""By-elections: enter the leaders""; ""Fine-tuning the cabinet""; ""Crossing the floor: expulsions and defections""; ""The election call""; ""The field forms""; ""Parties and platforms""; ""On the hustings""; ""The debates""; ""Electoral outcome""; ""Fund-raising and expenditures"" 327 $a""Aftermath""""NATIONAL INSTITUTIONS""; ""Senate""; ""Auditor General""; ""ECONOMIC INDICATORS AND ISSUES""; ""Economic indicators""; ""Budget 2000""; ""The mini-budget""; ""The Bank of Canada""; ""Shake-out in mass media and telecommunications""; ""Bailout for NHL teams?""; ""FEDERAL a??? PROVINCIAL RELATIONS""; ""The Clarity Bill""; ""Health-care accord""; ""MAJOR POLICY FIELDS""; ""A thin legislative agenda""; ""Airline industry rules""; ""Licensing of the Canadian Broadcasting Corporation""; ""Same-sex legislation""; ""THE PASSING OF PIERRE TRUDEAU""; ""SCANDALS AND CONTROVERSIES"" 327 $a""Management of Human Resources Development Canada""""The Prime Minister's riding""; ""Lawsuit against Mr Day""; ""Without peer: Mr Black's lawsuit against the Prime Minister""; ""Canada in the world: foreign affairs and national defence""; ""FOREIGN AFFAIRS""; ""United States""; ""Illegal immigration""; ""World Trade Organization""; ""Asia-Pacific""; ""Middle East""; ""Europe""; ""International summitry and the developing world""; ""United Nations and human security""; ""DEFENCE POLICY""; ""National missile defence""; ""Reform and personnel management""; ""Defence budget and procurement"" 327 $a""CF operations of note""""Municipal affairs""; ""URBAN POLITICS AND LOCAL GOVERNMENT""; ""CITIES IN THE MARKETPLACE""; ""THE CULTURES OF CITIES""; ""REGIONAL GOVERNANCE""; ""LOCAL DEMOCRACY""; ""CITIES IN CONFEDERATION""; ""British Columbia""; ""PREMIER DOSANJH""; ""MR CLARK ON TRIAL""; ""MR CAMPBELL IN QUESTION""; ""SPEECH FROM THE THRONE""; ""HEALTH""; ""FORESTS""; ""BALANCED-BUDGET LAW""; ""NATURAL RESOURCES""; ""WILDLIFE""; ""ECONOMY""; ""Alberta""; ""BILL 11""; ""ENERGY AND REBATES: POWER POLITICS IN ACTION""; ""THE FLAT TAX BECOMES REALITY""; ""THE LEGISLATURE"" 327 $a""STOCKWELL DAY GOES NATIONAL""""THE FEDERAL ELECTION IN ALBERTA""; ""THE PARTIES""; ""THE ECONOMY""; ""MISCELLANEOUS""; ""Saskatchewan""; ""ELECTIONS""; ""Provincial by-election""; ""Federal election""; ""Municipal elections""; ""PROVINCIAL POLITICAL PARTIES""; ""New Democratic Party""; ""Liberal Party""; ""Saskatchewan Party""; ""Conservative Party""; ""Aboriginal parties""; ""FEDERAL POLITICAL PARTIES""; ""Liberal Party""; ""New Democratic Party""; ""Alliance Party""; ""Progressive Conservative Party""; ""THE LEGISLATURE AND GOVERNMENT""; ""The executive""; ""The Legislature"" 330 $aLong praised for its accuracy, readability, and insight, the Canadian Annual Review of Politics and Public Affairs offers a synoptic appraisal of the year's developments in Canadian politics. The first year of the new millennium saw a new conservative federal party born with the union of the Reform Party and disaffected federal Progressive Conservatives. Led by Stockwell Day, the Canadian Alliance was defeated by Jean Chretien's Liberals in the subsequent federal election. A second RCMP investigation into questionable job-creation grants in Chretien's home riding, however, hurt the Prime Minister's reputation. The Liberals' new cigarette-packaging requirements, featuring gruesome tobacco-related images meant to discourage smoking, were challenged by tobacco companies. As well, the issue of police racism was brought to the fore when two Saskatoon police officers were suspended over allegations they abandoned a Native man on a cold winter night without a coat. Additionally, Ontario's chief coroner announced an investigation into the deaths of nine people following an outbreak of E. Coli in Walkerton. The Canadian Annual Review is unique in its collection and presentation of the year in politics. The combination of the calendar and the text offers a superb, easy-access reference source for political events, both federal and provincial. 606 $aPublic administration$zCanada 606 $aPOLITICAL SCIENCE / Reference$2bisacsh 607 $aCanada$xPolitics and government$y20th century 608 $aElectronic books. 615 0$aPublic administration 615 7$aPOLITICAL SCIENCE / Reference. 676 $a320.97106 702 $aMutimer$b David 801 0$bMiAaPQ 801 1$bMiAaPQ 801 2$bMiAaPQ 906 $aBOOK 912 $a9910827287103321 996 $aCanadian annual review of politics and public affairs$93933029 997 $aUNINA